<?xml version="1.0" encoding="UTF-8"?>
<record
    xmlns:xsi="http://www.w3.org/2001/XMLSchema-instance"
    xsi:schemaLocation="http://www.loc.gov/MARC21/slim http://www.loc.gov/standards/marcxml/schema/MARC21slim.xsd"
    xmlns="http://www.loc.gov/MARC21/slim">

  <leader>01746nam2a2200397   4500</leader>
  <controlfield tag="001">RU\NLR\bibl\252523</controlfield>
  <controlfield tag="005">20250620123326.0</controlfield>
  <datafield tag="010" ind1=" " ind2=" ">
    <subfield code="a">5-8173-0013-3</subfield>
    <subfield code="9">550</subfield>
  </datafield>
  <datafield tag="021" ind1=" " ind2=" ">
    <subfield code="a">RU</subfield>
    <subfield code="b">2001-47676</subfield>
    <subfield code="9">2287</subfield>
  </datafield>
  <datafield tag="035" ind1=" " ind2=" ">
    <subfield code="a">(NLR Aleph) 000248317</subfield>
  </datafield>
  <datafield tag="090" ind1=" " ind2=" ">
    <subfield code="a">1448471</subfield>
    <subfield code="c">1448471</subfield>
  </datafield>
  <datafield tag="100" ind1=" " ind2=" ">
    <subfield code="a">20020320d2001    |||y0rusy50      ca</subfield>
  </datafield>
  <datafield tag="101" ind1="0" ind2=" ">
    <subfield code="a">rus</subfield>
  </datafield>
  <datafield tag="102" ind1=" " ind2=" ">
    <subfield code="a">RU</subfield>
  </datafield>
  <datafield tag="105" ind1=" " ind2=" ">
    <subfield code="a">y   |||||||||</subfield>
  </datafield>
  <datafield tag="200" ind1="1" ind2=" ">
    <subfield code="a">&#x42D;&#x43C;&#x43E;&#x446;&#x438;&#x43E;&#x43D;&#x430;&#x43B;&#x44C;&#x43D;&#x43E;-&#x432;&#x43E;&#x43B;&#x435;&#x432;&#x430;&#x44F; &#x441;&#x444;&#x435;&#x440;&#x430;</subfield>
  </datafield>
  <datafield tag="210" ind1=" " ind2=" ">
    <subfield code="d">2001</subfield>
    <subfield code="a">&#x411;. &#x43C;.</subfield>
  </datafield>
  <datafield tag="215" ind1=" " ind2=" ">
    <subfield code="a">15 &#x441;.</subfield>
  </datafield>
  <datafield tag="320" ind1=" " ind2=" ">
    <subfield code="a">&#x411;&#x438;&#x431;&#x43B;&#x438;&#x43E;&#x433;&#x440;.: &#x441;. 14 (14 &#x43D;&#x430;&#x437;&#x432;.)</subfield>
  </datafield>
  <datafield tag="461" ind1=" " ind2="0">
    <subfield code="1">001RU\NLR\bibl\260588</subfield>
    <subfield code="1">2001#$a&#x41F;&#x441;&#x438;&#x445;&#x43E;&#x43B;&#x43E;&#x433;&#x438;&#x44F; &#x438; &#x43F;&#x435;&#x434;&#x430;&#x433;&#x43E;&#x433;&#x438;&#x43A;&#x430; &#x432; &#x441;&#x445;&#x435;&#x43C;&#x430;&#x445; &#x438; &#x442;&#x430;&#x431;&#x43B;&#x438;&#x446;&#x430;&#x445;$v&#x427;. 2</subfield>
    <subfield code="9">1496123</subfield>
    <subfield code="c">&#x41A;&#x440;&#x430;&#x441;&#x43D;&#x43E;&#x44F;&#x440;&#x441;&#x43A;</subfield>
    <subfield code="d">2001</subfield>
    <subfield code="f">[&#x418;&#x433;&#x43D;&#x430;&#x442;&#x43E;&#x432;&#x430; &#x412;.&#x412;., &#x41E;&#x440;&#x43B;&#x43E;&#x432;&#x430; &#x421;.&#x41D;., &#x421;&#x438;&#x434;&#x43E;&#x440;&#x43E;&#x432; &#x414;.&#x412;., &#x41D;&#x430;&#x437;&#x430;&#x440;&#x43E;&#x432;&#x430; &#x415;.&#x41D;.]</subfield>
    <subfield code="n">&#x421;&#x438;&#x431;&#x413;&#x422;&#x423;</subfield>
    <subfield code="o">&#x423;&#x447;&#x435;&#x431;. &#x43F;&#x43E;&#x441;&#x43E;&#x431;&#x438;&#x435; &#x434;&#x43B;&#x44F; &#x432;&#x441;&#x435;&#x445; &#x441;&#x43F;&#x435;&#x446;. &#x434;&#x43D;&#x435;&#x432;&#x43D;&#x43E;&#x439; &#x438; &#x437;&#x430;&#x43E;&#x447;. &#x444;&#x43E;&#x440;&#x43C; &#x43E;&#x431;&#x443;&#x447;&#x435;&#x43D;&#x438;&#x44F;</subfield>
    <subfield code="t">&#x41F;&#x441;&#x438;&#x445;&#x43E;&#x43B;&#x43E;&#x433;&#x438;&#x44F; &#x438; &#x43F;&#x435;&#x434;&#x430;&#x433;&#x43E;&#x433;&#x438;&#x43A;&#x430; &#x432; &#x441;&#x445;&#x435;&#x43C;&#x430;&#x445; &#x438; &#x442;&#x430;&#x431;&#x43B;&#x438;&#x446;&#x430;&#x445;</subfield>
    <subfield code="v">&#x427;. 2</subfield>
  </datafield>
  <datafield tag="606" ind1="0" ind2=" ">
    <subfield code="a">&#x42D;&#x43C;&#x43E;&#x446;&#x438;&#x438;</subfield>
    <subfield code="j">&#x421;&#x445;&#x435;&#x43C;&#x44B;</subfield>
    <subfield code="x">&#x41F;&#x441;&#x438;&#x445;&#x43E;&#x43B;&#x43E;&#x433;&#x438;&#x447;&#x435;&#x441;&#x43A;&#x438;&#x435; &#x438;&#x441;&#x441;&#x43B;&#x435;&#x434;&#x43E;&#x432;&#x430;&#x43D;&#x438;&#x44F;</subfield>
    <subfield code="9">2068859</subfield>
    <subfield code="3">RU\NLR\auth\661243527</subfield>
  </datafield>
  <datafield tag="606" ind1="0" ind2=" ">
    <subfield code="a">&#x412;&#x43E;&#x43B;&#x44F;</subfield>
    <subfield code="j">&#x421;&#x445;&#x435;&#x43C;&#x44B;</subfield>
    <subfield code="x">&#x41F;&#x441;&#x438;&#x445;&#x43E;&#x43B;&#x43E;&#x433;&#x438;&#x447;&#x435;&#x441;&#x43A;&#x438;&#x435; &#x438;&#x441;&#x441;&#x43B;&#x435;&#x434;&#x43E;&#x432;&#x430;&#x43D;&#x438;&#x44F;</subfield>
    <subfield code="9">2141598</subfield>
    <subfield code="3">RU\NLR\auth\661290734</subfield>
  </datafield>
  <datafield tag="610" ind1="0" ind2=" ">
    <subfield code="a">&#x412;&#x43E;&#x43B;&#x44F; (&#x43F;&#x441;&#x438;&#x445;&#x43E;&#x43B;.) (&#x447;. 2)</subfield>
  </datafield>
  <datafield tag="610" ind1="0" ind2=" ">
    <subfield code="a">&#x42D;&#x43C;&#x43E;&#x446;&#x438;&#x438; - &#x41F;&#x441;&#x438;&#x445;&#x43E;&#x43B;&#x43E;&#x433;&#x438;&#x44F; (&#x447;. 2)</subfield>
  </datafield>
  <datafield tag="610" ind1="0" ind2=" ">
    <subfield code="a">&#x41F;&#x441;&#x438;&#x445;&#x43E;&#x43B;&#x43E;&#x433;&#x438;&#x44F;</subfield>
  </datafield>
  <datafield tag="675" ind1=" " ind2=" ">
    <subfield code="a">[159.9</subfield>
    <subfield code="v">3</subfield>
    <subfield code="z">rus</subfield>
  </datafield>
  <datafield tag="675" ind1=" " ind2=" ">
    <subfield code="a">37.01](075.8)</subfield>
    <subfield code="v">3</subfield>
    <subfield code="z">rus</subfield>
  </datafield>
  <datafield tag="686" ind1=" " ind2=" ">
    <subfield code="a">15</subfield>
    <subfield code="2">rugasnti</subfield>
  </datafield>
  <datafield tag="686" ind1=" " ind2=" ">
    <subfield code="a">88&#x44F;73</subfield>
    <subfield code="2">rubbk</subfield>
  </datafield>
  <datafield tag="686" ind1=" " ind2=" ">
    <subfield code="a">&#x42E;935.2&#x44F;73</subfield>
  </datafield>
  <datafield tag="801" ind1=" " ind2="0">
    <subfield code="a">RU</subfield>
    <subfield code="b">RKP</subfield>
    <subfield code="c">20020320</subfield>
    <subfield code="g">PSBO</subfield>
  </datafield>
  <datafield tag="801" ind1=" " ind2="1">
    <subfield code="a">RU</subfield>
    <subfield code="b">RKP</subfield>
    <subfield code="c">20020320</subfield>
  </datafield>
  <datafield tag="801" ind1=" " ind2="2">
    <subfield code="a">RU</subfield>
    <subfield code="b">NLR</subfield>
    <subfield code="c">20020821</subfield>
    <subfield code="g">rcr</subfield>
  </datafield>
  <datafield tag="942" ind1=" " ind2=" ">
    <subfield code="c">BOOK</subfield>
  </datafield>
  <datafield tag="980" ind1=" " ind2=" ">
    <subfield code="a">NB</subfield>
  </datafield>
  <datafield tag="995" ind1=" " ind2=" ">
    <subfield code="5">2002-04-17</subfield>
    <subfield code="a">ad</subfield>
    <subfield code="b">NLR01</subfield>
    <subfield code="c">NLR01</subfield>
    <subfield code="e">RF8</subfield>
    <subfield code="f">1-222208</subfield>
    <subfield code="k">2002-4/4036</subfield>
    <subfield code="o">0</subfield>
    <subfield code="r">BOOK</subfield>
    <subfield code="s">200244036_</subfield>
  </datafield>
  <datafield tag="995" ind1=" " ind2=" ">
    <subfield code="5">2002-04-17</subfield>
    <subfield code="a">ad</subfield>
    <subfield code="b">NLR01</subfield>
    <subfield code="c">NLR01</subfield>
    <subfield code="e">RF8</subfield>
    <subfield code="f">251262</subfield>
    <subfield code="k">2002-4/4036</subfield>
    <subfield code="o">0</subfield>
    <subfield code="r">BOOK</subfield>
    <subfield code="s">200244036_</subfield>
  </datafield>
</record>
